Inside the Baldrige award guidelines. Category 5: management of process quality.

Rozbor požiadaviek 5. kategórie riadenia kvality výrobných procesov, resp. procesov pri poskytovaní služieb zo Súboru kritérií pre udelenie Baldrigeovej ceny akosti USA. Americké firmy a organizácie si robia rozbory podľa kritérií ceny na vyhodnotenie výsledkov vlastnej činnosti. Kategória 5 zahŕňa...

Ausführliche Beschreibung

Gespeichert in:
Bibliographische Detailangaben
1. Verfasser: Heaphy, M.S
Format: Buchkapitel
Sprache:Englisch
Schlagworte:
Tags: Tag hinzufügen
Keine Tags, Fügen Sie das erste Tag hinzu!

MARC

LEADER 00000naa a2200000 4500
001 r011247
005 20220913122548.6
041 0 |a eng 
044 |a US 
245 1 0 |a Inside the Baldrige award guidelines.  |b Category 5: management of process quality.  |c M.S. Heaphy 
520 |a Rozbor požiadaviek 5. kategórie riadenia kvality výrobných procesov, resp. procesov pri poskytovaní služieb zo Súboru kritérií pre udelenie Baldrigeovej ceny akosti USA. Americké firmy a organizácie si robia rozbory podľa kritérií ceny na vyhodnotenie výsledkov vlastnej činnosti. Kategória 5 zahŕňa požiadavky na projekciu, výrobu, podporné činnosti, kvalitu od dodávateľov a hodnotenie dosiahnutej akosti. Väzby jednotlivých zložiek činnosti a ťažiská ich rozboru. 
610 2 0 |a Baldrigeova cena 
610 2 0 |a kvalita 
610 2 0 |a riadenie kvality 
610 2 0 |a proces výrobný 
610 2 0 |a USA 
610 2 0 |a kritériá rozhodovania 
610 2 0 |a podnik 
100 1 |a Heaphy, M.S.